| Поле | Название | Значение |
| |
Тип записи |
a |
| |
Библиографический уровень |
m |
| 001 |
Контрольный номер |
RU/SLIB/B/208739816 |
| 005 |
Дата корректировки |
20201206204052.0 |
| 010 |
Индекс ISBN |
__ |
| d |
Цена |
0-96 |
| 101 |
Язык документа |
__ |
| a |
Язык текста |
rus |
| 200 |
Заглавие и сведения об ответственности |
0_ |
| a |
Заглавие |
Природа Сибири. Географические проблемы |
| f |
Первые сведения об ответственности |
Михайлов Н. И. |
| b |
Общее обозначение материала |
Текст |
| 210 |
Выходные данные |
__ |
| a |
Место издания |
М. |
| c |
Издательство |
Мысль |
| d |
Дата издания |
1976 |
| 215 |
Физическое описание |
__ |
| a |
Объем |
158 с. |
| 517 |
Другие варианты заглавия |
__ |
| a |
Другие варианты заглавия |
Географические проблемы |
| 606 |
Тематические рубрики |
__ |
| a |
Основная рубрика |
География |
| 606 |
Тематические рубрики |
__ |
| a |
Основная рубрика |
Страноведение |
| y |
Географическая подрубрика |
Сибирь |
| 610 |
Ключевые слова |
__ |
| a |
Ключевые слова |
природа; географические проблемы; природа Сибири; географические исследования |
| 686 |
Индексы других классификаций |
__ |
| a |
Классификационный индекс |
26.89(253) |
| 700 |
Автор |
_1 |
| a |
Фамилия |
Михайлов |
| b |
Имя |
Н. И. |
| 4 |
Код отношения |
070 |
| 801 |
Источник записи |
_0 |
| a |
Страна |
RU |
| b |
Организация |
Муниципальное бюджетное учреждение культуры "Централизованная библиотечная система" г. Сургут (Центральная городская библиотека им. А. С. Пушкина) |
| g |
Правила каталогизации |
КиК/Михайлова |
| 801 |
Источник записи |
_1 |
| a |
Страна |
RU |
| b |
Организация |
Муниципальное бюджетное учреждение культуры "Централизованная библиотечная система" г. Сургут (Центральная городская библиотека им. А. С. Пушкина) |
| g |
Правила каталогизации |
КиК/Михайлова |
| 852 |
Данные о местонахождении |
__ |
| j |
Шифр хранения |
26.89(253) |
| c |
Каталожный индекс |
26.89(253) |
| i |
Авторский знак |
М 69 |
| p |
Инвентарный номер |
63005(с) |
| 901 |
Тип документа |
__ |
| t |
Тип документа |
m |
| 990 |
Данные о заказе (DOS) |
__ |
| j |
Количество экземпляров (DOS) |
1 |